As jóias do sol (Record no. 46296)
[ view plain ]
| 000 -Etiqueta do registo | |
|---|---|
| Valores | 00722nam a2200253 4500 |
| 010 ## - Número ISBN | |
| ISBN | 9789728839529 |
| 021 ## - Número do Depósito Legal | |
| Número | 275903/08 |
| 100 ## - Dados gerais de processamento | |
| Dados gerais | 20091127d2008 m y0pory5003 ba |
| 101 1# - Língua de publicação | |
| Língua | por |
| 102 ## - País de publicação | |
| País | PT |
| 200 1# - Titulo e menção de responsabilidade | |
| Título próprio | As jóias do sol |
| Primeira menção de responsabilidade | Nora Roberts |
| Outras menções de responsabilidade | trad. Paulo G. Silva |
| -- | rev. Sérgio Gonçalves |
| 205 ## - Menção da edição | |
| Edição | [6.ª ed.] |
| 210 #9 - Publicação | |
| Local de publicação | Parede |
| Nome do editor | Saída de Emergência, |
| Data de publicação | 2008 |
| 215 ## - Descrição física | |
| Paginação / Volumes | 287 p. |
| Dimensões | 23 cm |
| 225 2# - Colecção | |
| Título próprio da colecção | Literatura contemporânea |
| 304 ## - Nota relativa ao título | |
| Texto de nota | Tít. orig.: Jewels of the sun |
| 675 ## - CDU | |
| Notação | 821.111(73)-31"19/20" |
| Edição | BN |
| Língua | por |
| 700 #1 - Autor principal | |
| Apelido | Roberts, |
| Nome | Nora, |
| 702 #1 - Autor secundário | |
| Apelido | Silva, |
| Nome | Paulo G. |
| Função | 730 |
| 702 #1 - Autor secundário | |
| ID Autoridade | 3 |
| Apelido | Gon—calves, |
| Nome | Sérgio |
| Função | 675 |
| 801 #0 - Fonte de origem | |
| País | PT |
| Agência | BN |
| Regras de catalogação | RPC |
| 990 ## - Elementos KOHA | |
| Tipo de documento | Livro |
| Aquisição | Empréstimo | Código de barras | Cota | Permissão de empréstimo | Tipo de documento | Nota relativa ao exemplar |
|---|---|---|---|---|---|---|
| Biblioteca Municipal de Redondo | Biblioteca Municipal de Redondo | 057411 | 821.111(73)-3 ROB | Livro | oferta de Franklim Amaro Cabreirinha |